Who Scored The Goal? (Fenerbahçe 24/25) - Statistics

General Stats
  • This quiz has been taken 82 times
    43 since last reset
  • The average score is 61 of 90
Answer Stats
Matches Scorer % Correct
Fenerbahçe - Adana Demirspor34' 1-0 Edin Dzeko
95%
Göztepe - Fenerbahçe45+3' 0-1 Edin Dzeko
85%
Çaykur Rizespor - Fenerbahçe53' 0-2 Edin Dzeko
85%
Göztepe - Fenerbahçe45+7' 0-2 Youssef En-Nesyri
85%
Fenerbahçe - Alanyaspor43' 1-0 Dusan Tadic
80%
Kayserispor - Fenerbahçe7' 0-1 Dusan Tadic
80%
Fenerbahçe - Galatasaray63' 1-3 Edin Dzeko
80%
Trabzonspor - Fenerbahçe75' 2-2 Edin Dzeko
80%
Çaykur Rizespor - Fenerbahçe15' 0-1 Fred
80%
Çaykur Rizespor - Fenerbahçe60' 0-3 Fred
80%
Çaykur Rizespor - Fenerbahçe64' 0-4 Fred
80%
Kasımpaşa - Fenerbahçe22' 0-1 Allan Saint-Maximin
75%
Samsunspor - Fenerbahçe62' 1-2 Allan Saint-Maximin
75%
Fenerbahçe - Trabzonspor51' 1-1 Anderson Talisca
75%
Fenerbahçe - Trabzonspor64' 3-1 Anderson Talisca
75%
Fenerbahçe - Trabzonspor77' 4-1 Anderson Talisca
75%
Fenerbahçe - Kayserispor36' 1-1 Anderson Talisca
75%
Adana Demirspor - Fenerbahçe90+1' 0-4 Cenk Tosun
75%
Kasımpaşa - Fenerbahçe39' 0-2 Dusan Tadic
75%
Samsunspor - Fenerbahçe24' 0-1 Dusan Tadic
75%
Konyaspor - Fenerbahçe61' 2-3 Dusan Tadic
75%
Fenerbahçe - Başakşehir41' 1-0 Edin Dzeko
75%
Fenerbahçe - Çaykur Rizespor45+8' 1-2 Edin Dzeko
75%
Trabzonspor - Fenerbahçe42' 0-1 Fred
75%
Fenerbahçe - Göztepe55' 3-1 Oğuz Aydın
75%
Trabzonspor - Fenerbahçe90+12' 2-3 Sofyan Amrabat
75%
Fenerbahçe - Sivasspor82' 3-0 Sofyan Amrabat
75%
Adana Demirspor - Fenerbahçe69' 0-1 Youssef En-Nesyri
75%
Adana Demirspor - Fenerbahçe71' 0-2 Youssef En-Nesyri
75%
Fenerbahçe - Göztepe46' 1-1 Youssef En-Nesyri
75%
Fenerbahçe - Göztepe53' 2-1 Youssef En-Nesyri
75%
Fenerbahçe - Çaykur Rizespor89' 3-2 Youssef En-Nesyri
75%
Fenerbahçe - Konyaspor83' 2-1 Youssef En-Nesyri
75%
Fenerbahçe - Kayserispor64' 2-2 Allan Saint-Maximin
70%
Sivasspor - Fenerbahçe42' 0-1 Anderson Talisca
70%
Fenerbahçe - Kayserispor79' 3-2 Anderson Talisca
70%
Konyaspor - Fenerbahçe25' 1-2 Çağlar Söyüncü
70%
Fenerbahçe - Alanyaspor65' 2-0 Dusan Tadic
70%
Fenerbahçe - Bodrum FK55' 2-0 Edin Dzeko
70%
Fenerbahçe - Çaykur Rizespor79' 2-2 Edin Dzeko
70%
Kayserispor - Fenerbahçe85' 2-5 Filip Kostic
70%
Çaykur Rizespor - Fenerbahçe66' 0-5 Husniddin Alikulov (OG)
70%
Fenerbahçe - Trabzonspor60' 2-1 Milan Skriniar
70%
Alanyaspor - Fenerbahçe22' 0-1 Sebastian Szymanski
70%
Fenerbahçe - Bodrum FK15' 1-0 Youssef En-Nesyri
70%
Fenerbahçe - Başakşehir74' 2-1 Youssef En-Nesyri
70%
Eyüpspor - Fenerbahçe45+4' 1-1 Youssef En-Nesyri
70%
Fenerbahçe - Hatayspor45+5' 2-1 Youssef En-Nesyri
70%
Fenerbahçe - Eyüpspor32' 1-0 Youssef En-Nesyri
70%
Hatayspor - Fenerbahçe27' 0-1 Youssef En-Nesyri
70%
Gaziantep FK - Fenerbahçe68' 1-1 Anderson Talisca
65%
Fenerbahçe - Sivasspor54' 2-0 Dusan Tadic
65%
Fenerbahçe - Alanyaspor67' 3-0 Edin Dzeko
65%
Fenerbahçe - Gaziantep FK89' 3-1 Edin Dzeko
65%
Adana Demirspor - Fenerbahçe74' 0-3 Edin Dzeko
65%
Fenerbahçe - Eyüpspor84' 2-0 Edin Dzeko
65%
Hatayspor - Fenerbahçe90+4' 4-2 İrfan Can Kahveci
65%
Fenerbahçe - Konyaspor75' 1-1 İrfan Can Kahveci
65%
Konyaspor - Fenerbahçe14' 1-1 Mert Müldür
65%
Kayserispor - Fenerbahçe15' 0-2 Oğuz Aydın
65%
Fenerbahçe - Sivasspor24' 1-0 Samet Akaydin
65%
Kayserispor - Fenerbahçe88' 2-6 Sebastian Szymanski
65%
Fenerbahçe - Başakşehir90' 3-1 Youssef En-Nesyri
65%
Fenerbahçe - Hatayspor16' 1-0 Youssef En-Nesyri
65%
Fenerbahçe - Kasımpaşa21' 1-0 Youssef En-Nesyri
65%
Başakşehir - Fenerbahçe86' 0-3 Youssef En-Nesyri
65%
Fenerbahçe - Sivasspor90+4' 4-0 Allan Saint-Maximin
60%
Alanyaspor - Fenerbahçe42' 0-2 Anderson Talisca
60%
Antalyaspor - Fenerbahçe63' 0-1 Dusan Tadic
60%
Sivasspor - Fenerbahçe47' 0-2 Dusan Tadic
60%
Sivasspor - Fenerbahçe90' 1-3 Dusan Tadic
60%
Gaziantep FK - Fenerbahçe69' 1-2 Edin Dzeko
60%
Kayserispor - Fenerbahçe26' 0-3 Oğuz Aydın
60%
Fenerbahçe - Gaziantep FK3' 1-0 Oğuz Aydın
60%
Başakşehir - Fenerbahçe90+3' 1-4 Oğuz Aydın
60%
Fenerbahçe - Gaziantep FK78' 2-1 Rodrigo Becao
60%
Antalyaspor - Fenerbahçe81' 0-2 Thalisson (OG)
60%
Kayserispor - Fenerbahçe63' 2-4 Youssef En-Nesyri
60%
Bodrum FK - Fenerbahçe45' 1-4 Anderson Talisca
55%
Fenerbahçe - Antalyaspor26' 2-0 Dusan Tadic
55%
Gaziantep FK - Fenerbahçe72' 1-3 Fred
55%
Bodrum FK - Fenerbahçe5' 0-1 Milan Skriniar
55%
Fenerbahçe - Kasımpaşa52' 2-0 Oğuz Aydın
55%
Fenerbahçe - Kasımpaşa71' 3-1 Youssef En-Nesyri
55%
Fenerbahçe - Antalyaspor30' 3-0 Youssef En-Nesyri
55%
Fenerbahçe - Antalyaspor9' 1-0 Mert Müldür
50%
Başakşehir - Fenerbahçe60' 0-2 Milan Skriniar
50%
Başakşehir - Fenerbahçe44' 0-1 Mert Müldür
45%
Bodrum FK - Fenerbahçe36' 1-3 Sebastian Szymanski
45%
Bodrum FK - Fenerbahçe32' 1-2 Oğuz Aydın
40%
No matching quizzes found
Score Distribution
Percent of People with Each Score
Percentile by Number Answered
Your Score History
You have not taken this quiz since the last reset